Integrated Resource Management Plan : (Record no. 15814)
[ view plain ]
| 000 -LEADER | |
|---|---|
| fixed length control field | 00476nam a2200133Ia 4500 |
| 082 ## - DEWEY DECIMAL CLASSIFICATION NUMBER | |
| Classification number | RI.003; |
| 245 #0 - TITLE STATEMENT | |
| Title | Integrated Resource Management Plan : |
| Sub Title | Social forestry division Dehra district Kangra, Himachal Pradesh. |
| 260 ## - PUBLICATION, DISTRIBUTION, ETC. (IMPRINT) | |
| Year of publication | 1993 |
| 300 ## - PHYSICAL DESCRIPTION | |
| Number of Pages | v.p. |
| 650 ## - SUBJECT ADDED ENTRY--TOPICAL TERM | |
| Topical Term | NATURAL RESOURCES - HIMACHAL PRADESH |
| 650 ## - SUBJECT ADDED ENTRY--TOPICAL TERM | |
| Topical Term | FORESTS AND FORESTRY - SOCIAL ASPECTS - HIMACHAL PRADESH |
| 710 ## - ADDED ENTRY--CORPORATE NAME | |
| Corporate name or jurisdiction name as entry element | Centre for Research in Rural and Industrial Development, Chandigarh |
| 942 ## - ADDED ENTRY ELEMENTS (KOHA) | |
| Koha item type | Research Reports |
| Source of classification or shelving scheme | Dewey Decimal Classification |
| Withdrawn status | Lost status | Damaged status | Not for loan | Home library | Current library | Date acquired | Bill Date | Full call number | Accession Number | Price effective from | Koha item type |
|---|---|---|---|---|---|---|---|---|---|---|---|
| NASSDOC Library | NASSDOC Library | 08/10/2004 | 2008-12-30 | RI.003; | 32917 | 18/04/2019 | Research Reports |
